Statistics for Random Trivia Quiz #10

Click here to take the quiz!

General Stats

  • This quiz has been taken 33 times
  • The average score is 6 of 24

Answer Stats

HintAnswer% Correct
Legendary American rapper and actor with the middle-name Amuru, born in New York City 1971, shot and killed by and unknown gunman in 19962Pac
86%
Also known as ascorbic acid or ascorbate, found in various foods and as an antioxidant in the immune system, used to prevent and treat scurvyVitamin C
59%
Carnivorous plant native to the East Coast of the United States in the Carolinas, catches insects and arachnids with a terminal portion of each of the plant's leavesVenus Flytrap
55%
Empress of Russia from 1762 to 1796, colonised Alaska and Novorossiya, partitioned the Polish-Lithuanian Commonwealth and founded many new citiesCatherine the Great
52%
Two cities named in the book of Genesis, "cities of the plains" which were situated by the Jordan River in southern Canaan, consumed by fire and brimestone for their sins (mostly homosexuality)Sodom and Gomorrah
52%
Italian Renaissance diplomat, philosopher and writer best known for The Prince (Il Principe), often called the father of modern political scienceNiccolò Machiavelli
38%
River flowing from Fairfax Stone to the Chesapeake Bay, forms part of the borders between Maryland and Washington D.C, it also runs through the laterPotomac
38%
Sovereign state in the West Indies with a flag depicting a rising sun, previously a British colony with the capital St John'sAntigua and Barbuda
31%
"I'd be safe and warm (I'd be safe and warm), If I was in L.A. (if I was in L.A.)..."California dreamin'
28%
Prime Minister of Japan and general of the Imperial Japanese Army during World War 2, after the war he was arrested and executed in December 1948Hideki Tojo
28%
Micro-animals which are also known as water bears, they are among the most resilient animals known for example surviving extreme temperatures, pressure, radiation and outer spaceTardigrade
28%
Novel by Jane Austen about youthful hubris and romantic misunderstandings, set in the fictional village of Highbury, first published in 1815 it depicts issues of marriage, sex, age and social statusEmma
24%
The inspirational goddesses of literature, science and arts in Greek religion and mythology, the considered source of knowledge embodied in poetry and mythsMuses
21%
Haitian general and best-known leader of the Haitian Revolution, he fought on the behalf of Saint-Domingue also the first president of Haiti, influencer of abolitionist John BrownToussaint Louverture
21%
American stand-up comedian and actor, have landed roles in Paper Soldiers, Scary Movie 3 and Soul Plane, his subjects include race relations, parenting and pop cultureKevin Hart
17%
The Spanish words for "to have" and "than" which forms the expression for "must"Tener Que
17%
Historical English cathedral city, a local government district of Kent and lies on the River StourCanterbury
10%
The special name for the hand in poker containing the black aces, the black eights and an unknown hole cardDead man's hand
10%
Actress famous for her roles as Beth Latimer in Broadchurch, Thirteenth Doctor in Doctor Who and Ffion in Black MirrorJodie Whittaker
10%
A cream or marmalade that traditionally consists of juice from a " limão" (portuguese word for the fruit), eggs and sugarLemon curd
7%
"It was all a dream, I used to read Word Up! magazine, Salt-n-Pepa and Heavy D up in the..."Limousine
7%
Musical with music by Eddie Perfect and based on a movie with the same name from 1988, with the characters Lydia Deetz, Adam Maitland, Barbara Maitland and moreBeetlejuice
3%
Winged spirits known for renowned for their beauty in Persian mythology, mischievous beings who've been denied entry to paradise until they completed penance for their atonementPeri
3%
Common name for events between 1987 and 1991 which lead to the restoration of the independence of the Baltic States, the term was coined by the Estonian activist Heinz ValkThe Singing Revolution
0%

Score Distribution

Percentile by Number Answered

Percent of People with Each Score

Your Score History

You have not taken this quiz